000 00252nam a22000857a 4500
008 241008b |||||||| |||| 00| 0 eng d
020 _a9789630230333
100 _aMTG LEARNING MEDIA P LTD
_97807
245 _aACCOUUNTANCY CLASS XII CBSE 10 YEAR SOLVED PAPER
999 _c12694
_d12694